Cultura general fútbol #3 - Estadísticas

Estadísticas generales
  • Esta prueba ha sido intentada 7.546 veces
    7.434 desde el último reinicio
  • La puntuación promedio es 9 de 15
Estadísticas de respuestas
Pregunta Respuesta % Correcto
Hasta el 2024, ¿cuál es el equipo que más veces ha ganado la UEFA Europa League? Sevilla F. C.
92%
¿En qué año se dió la famosa "Mano de Dios"? 1986
86%
¿Quién es el clásico rival del Boca Juniors (Argentina)? River Plate
84%
Sin contar el arbitro asistente de reserva, ni los del VAR, ¿con cuántos árbitros se juega un partido de fútbol? 4
83%
¿Qué país fue sede de la Copa del Mundo en el 1998? Francia
81%
¿Cuál es la unica selección de la Conmebol (América del Sur), que no ha participado en una Copa del Mundo? Venezuela
76%
¿Cuántos equipos participaron en la Champions League 2023-2024? 32
72%
¿Qué jugador es/fue conocido como "El jefecito"? Javier Mascherano
66%
¿Cómo se apellida el presidente de la FIFA? Infantino
58%
¿Qué selección del continente americano logró ir por primera vez a un Mundial en 2018? Panamá
54%
¿Qué futbolista tiene toda la espalda cubierta por un tatuaje de león? Memphis Depay
52%
¿Qué selección es conocida como "Los diablos rojos"? Belgica
46%
¿Qué selección europea logró ir por primera vez a un Mundial en 2018? Islandia
46%
¿Cuál es el único país europeo que no pertenece a la UEFA? Ciudad del Vaticano
24%
¿Cómo se llamaba la mascota oficial de la Copa del Mundo Brasil 2014? Fuleco
12%
No se encontraron pruebas coincidentes
Distribución de puntuación
Porcentaje de gente con cada puntuación
Porcentaje por número respondido
Historial de tus puntuaciones
No has intentado esta prueba desde el último reinicio